Can You Name All 19 Different Mariners That Have Homered in 2025? - Statistics

General Stats
  • This quiz has been taken 16 times
  • The average score is 14 of 19
Answer Stats
Primary Position # of Homers Hit Answer % Correct
RF 7 Canzone
100%
1B 6 Naylor
100%
C 52 Raleigh
100%
CF 30 Rodriguez
100%
LF 26 Arozarena
92%
SS 9 Crawford
92%
3B 7 Suarez
92%
C 8 Garver
85%
DH 23 Polanco
85%
RF 4 Raley
77%
1B 11 Tellez
77%
2B 4 Young
77%
2B 1 Rivas
69%
RF 9 Moore
62%
1B 3 Solano
54%
2B 1 Bliss
46%
3B 1 Williamson
38%
3B 1 Mastrobuoni
31%
RF 2 Taveras
23%
No matching quizzes found
Score Distribution
Percent of People with Each Score
Percentile by Number Answered
Your Score History
You have not taken this quiz